Distortions of currents and voltage of micro HYDROELECTRIC POWER STATION on the basis of synchronous and induction generators; Korus 2002; Vol. 3

Bibliografiske detaljer
Parent link:Korus 2002: The 6th Russian-Korean International Symposium On Science and Technology, June 24-30, 2002, At the Novosibirsk State Technical University Russia/ Novosibirsk State Technical University ; Tomsk Polytechnic University.— , 2002-
Vol. 3.— 2002.— P. 236
Hovedforfatter: Viblov A. N.
Andre forfattere: Lukutin B. V., Obuhov S. G.
Sprog:engelsk
Udgivet: 2002
Fag:
Format: MixedMaterials Book Chapter
KOHA link:https://koha.lib.tpu.ru/cgi-bin/koha/opac-detail.pl?biblionumber=227527

MARC

LEADER 00000naa2a2200000 4500
001 227527
005 20231031201346.0
035 |a (RuTPU)RU\TPU\book\247959 
035 |a RU\TPU\book\247958 
090 |a 227527 
100 |a 20121207d2002 k y0engy50 ba 
101 0 |a eng 
102 |a RU 
200 1 |a Distortions of currents and voltage of micro HYDROELECTRIC POWER STATION on the basis of synchronous and induction generators  |f A. N. Viblov, B. V. Lukutin, S. G. Obuhov 
461 1 |0 (RuTPU)RU\TPU\book\62304  |t Korus 2002  |o The 6th Russian-Korean International Symposium On Science and Technology, June 24-30, 2002, At the Novosibirsk State Technical University Russia  |f Novosibirsk State Technical University ; Tomsk Polytechnic University  |d 2002- 
463 1 |0 (RuTPU)RU\TPU\book\61441  |t Vol. 3  |v P. 236  |d 2002  |p 275 p. 
610 1 |a труды учёных ТПУ 
700 1 |a Viblov  |b A. N. 
701 1 |a Lukutin  |b B. V. 
701 1 |a Obuhov  |b S. G. 
801 1 |a RU  |b 63413507  |c 20121129 
801 2 |a RU  |b 63413507  |c 20121207  |g RCR 
942 |c BK